000 00856nam a2200181Ia 4500
008 090630s9999 xx 000 0 und d
082 _b14901
100 _aदेवळे श. रा.
245 _aहयांनी हिंदवी स्वराज्य घडविले : थोरले बाजीराव.
_cदेवळे श. रा.
260 _bमनोरमा - मुंबई.
_c1995
300 _a79
600 _aदेवळे श. रा.
630 _aहयांनी हिंदवी स्वराज्य घडविले : थोरले बाजीराव.
655 _aबालवाङमय.
700 _aदेवळे श. रा.
730 _aहयांनी हिंदवी स्वराज्य घडविले : थोरले बाजीराव.
942 _cBOOK
999 _c266757
_d266757